000
00249nam a22000977a 4500
100
_a
Aggarwal, Mohit
_9
80681
245
_a
China's Expansionist Policy in Asia and Africa
260
_a
Delhi
_b
Lenin Media
_c
2015
650
_a
Politics
_9
80682
942
_c
BK
999
_c
63968
_d
63968